Metalliferous deposits of the greater Helena mining region, Montana, (Record no. 27057)

MARC details
000 -LEADER
fixed length control field 00914cam a22002651 4500
001 - CONTROL NUMBER
control field gs 33000415
003 - CONTROL NUMBER IDENTIFIER
control field DLC
005 - DATE AND TIME OF LATEST TRANSACTION
control field 20260227111338.0
008 - FIXED-LENGTH DATA ELEMENTS--GENERAL INFORMATION
fixed length control field 800613s1933 dcua b f001 0 eng
010 ## - LIBRARY OF CONGRESS CONTROL NUMBER
LC control number gs 33000415
035 ## - SYSTEM CONTROL NUMBER
System control number (OCoLC)6418960
040 ## - CATALOGING SOURCE
Original cataloging agency DLC
Transcribing agency ICharE
Modifying agency DLC
042 ## - AUTHENTICATION CODE
Authentication code premarc
043 ## - GEOGRAPHIC AREA CODE
Geographic area code n-us-mt
050 00 - LIBRARY OF CONGRESS CALL NUMBER
Classification number QE75
Item number .B9 no. 842
051 ## - LIBRARY OF CONGRESS COPY, ISSUE, OFFPRINT STATEMENT
Classification number TN24.M9
Item number P32
Copy information Copy 2.
100 1# - MAIN ENTRY--PERSONAL NAME
Personal name Pardee, Joseph Thomas,
Dates associated with a name 1871-
245 10 - TITLE STATEMENT
Title Metalliferous deposits of the greater Helena mining region, Montana,
Statement of responsibility, etc. by J.T. Pardee and F.C. Schrader.
260 ## - PUBLICATION, DISTRIBUTION, ETC.
Place of publication, distribution, etc. Washington,
Name of publisher, distributor, etc. U.S. Govt. Print. Off.,
Date of publication, distribution, etc. 1933.
300 ## - PHYSICAL DESCRIPTION
Extent xi, 318 p.
Other physical details illus., 47 pl. (part fold. incl. maps (3 in pocket) plans, diagrs.
Dimensions 23 cm.
490 0# - SERIES STATEMENT
Series statement U.S. Geological survey. Bulletin 842
650 #0 - SUBJECT ADDED ENTRY--TOPICAL TERM
Topical term or geographic name entry element Ore deposits
Geographic subdivision Montana.
650 #0 - SUBJECT ADDED ENTRY--TOPICAL TERM
Topical term or geographic name entry element Geology
Geographic subdivision Montana.
700 1# - ADDED ENTRY--PERSONAL NAME
Personal name Schrader, Frank Charles,
Dates associated with a name 1860-1944,
Relator term joint author.

No items available.

Powered by Koha